Transferencia de resistencia a fusariosis de la espiga en variedades de trigo candeal /

Guardado en:
Autor Principal: Irigoyen Bordarampé, Ignacio.
Autor Corporativo: Universidad Nacional del Sur. Departamento de Agronomía.
Otros Autores: Carrera, Alicia Delia.
Formato: Libro
Idioma:Spanish
Publicado: Bahía Blanca, 2017.
Etiquetas: Agregar Etiqueta
Sin Etiquetas, Sea el primero en etiquetar este registro!
LEADER 00743nam a22001695a 4500
001 EEA.libagro010897
005 20181010084347.0
008 171011s2017####ag############000#0#spa#d
082 0 4 |a 633.11 
100 1 |a Irigoyen Bordarampé, Ignacio. 
245 1 0 |a Transferencia de resistencia a fusariosis de la espiga en variedades de trigo candeal /  |c Ignacio Irigoyen Bordarampé. 
260 |a Bahía Blanca,  |c 2017. 
300 |a 30 h. :  |b il., fot. col. ;  |c 30 cm. 
500 |a Trabajo de intensificación (Ingeniero Agrónomo) -- Universidad Nacional del Sur. Departamento de Agronomía, 2017. 
700 1 |a Carrera, Alicia Delia. 
710 2 |a Universidad Nacional del Sur.  |b Departamento de Agronomía. 
859 |a AR-BbBCA  |b BIB. AGRONOMIA  |h 633.11  |i I68  |p 2017/6826